<?xml version="1.0" encoding="UTF-8"?>
<collection xmlns="http://www.loc.gov/MARC21/slim">
 <record>
  <leader>00593nam a22001455a 4500</leader>
  <controlfield tag="001">EUN.um057287</controlfield>
  <controlfield tag="008">041125s1980####ag#a##########000#0#spa#d</controlfield>
  <controlfield tag="005">20260401115920.0</controlfield>
  <datafield tag="245" ind1="1" ind2="0">
   <subfield code="a">Estudio del proyecto de canalización del Arroyo Napostá (Pdo. Bahía Blanca) y Arroyo Los Gauchos (Pdo. Cnel. Dorrego) /</subfield>
   <subfield code="c">Roberto E. Storani.</subfield>
  </datafield>
  <datafield tag="260" ind1=" " ind2=" ">
   <subfield code="a">Bahía Blanca :</subfield>
   <subfield code="b">Universidad nacional del Sur,</subfield>
   <subfield code="c">1980.</subfield>
  </datafield>
  <datafield tag="300" ind1=" " ind2=" ">
   <subfield code="a">3 v. :</subfield>
   <subfield code="b">ilus. ;</subfield>
   <subfield code="c">35 cm..</subfield>
  </datafield>
  <datafield tag="490" ind1="0" ind2=" ">
   <subfield code="a">Práctica final de carrera</subfield>
  </datafield>
  <datafield tag="100" ind1="1" ind2=" ">
   <subfield code="a">Storani, Roberto E.</subfield>
  </datafield>
  <datafield tag="082" ind1="0" ind2="4">
   <subfield code="a">627.1F</subfield>
  </datafield>
  <datafield tag="859" ind1=" " ind2=" ">
   <subfield code="a">Ar-BaUNS</subfield>
   <subfield code="b">BIB. CENTRAL - Sector C</subfield>
   <subfield code="h">627.1</subfield>
   <subfield code="i">St74</subfield>
   <subfield code="k">F</subfield>
   <subfield code="p">86273/981</subfield>
   <subfield code="v">1</subfield>
   <subfield code="3">Vol.1</subfield>
  </datafield>
 </record>
</collection>
